1082 1922 1219 1194 1315 1184 1397 1360 1888 1649 1540 1999 1736 1531 1788 1118 1568 1373 1241 1815 1931 1186 1129 1307 1695 1493 1144 1419 1159 1993 1819 1817 1150 1172 1757 1949 1987 1014 1681 1133 1277 1609 1117 1302 1979 1224 1406 1182 1230 1948 1343 1674 1031 1446 1009 1086 1206 1709 1724 1601 1306 1499 1867 1267 1037 1083 1112 1710 1445 1855 1736 1742 1637 1265 1461 1063 1692 1478 1244 1655 1962 1661 1496 1216 1527 1395 1012 1204 1587 1010 1336 1815 1636 1588 1039 1160 1982 1073 1192 BCNSPRNW ULIB Ver.6.0+V

เปลี่ยนเป็นภาษาไทย

Change to English
 แสดงรายละเอียดบรรณานุกรม
  กลับหน้าหลัก

Brief Record : Get Marc (ISO 2709) : E-mail record : QR code < ปิดหน้าต่าง
LEADER : 00000nam 2200000uu 4500
001    13399113386
003     ULIB
008    111109s2547||||th 000 0 tha d
020    9744220368 (ล.4)
060 04 QZ200^bส184 ล.4 2547
245 00 สถิติโรคมะเร็ง ศูนย์มะเร็ง ลำปาง ปี พ.ศ.2546 =^bHospital-based cancer registry /^cศูนย์มะเร็ง ลำปาง
246 31 Hospital-based cancer registry
260    ลำปาง :^bศูนย์มะเร็ง ลำปาง,^c2547
300    59 หน้า
650  7 มะเร็ง^xสถิติและข้อมูลตัวเลข
710 2  ศูนย์มะเร็ง ลำปาง
945    ^p0^l0^i24547
995     กัณชพร
999    ^aใช้งานได้ทุกระบบ
รายการนี้ยังไม่มีแท็ก
คุณยังไม่ได้ล็อกอิน คุณสามารถมีกิจกรรมร่วมกับเว็บไซต์ได้ แต่ต้องล็อกอินก่อน ::
  ล็อกอิน

รายการสื่อสารสนเทศ

ลำดับที่ ประเภท เลขเรียก/บาร์โค้ด สถานที่ สถานะ
- ไม่พบข้อมูล -

BibComment


ยังไม่เคยถูกคอมเมนท์

คอมเมนท์ทรัพยากรรายการนี้
  คอมเมนท์: สถิติโรคมะเร็ง ศู..


 Copyright 2026. Bcnsprnw @Library